000 01586nam a2200505 i 4500
001 37074
003 KOSZ 005
005 20240405063117.0
008 000630s2000 pl a |001 0 pol
015 _aUWD 2000/12533
020 _a8371771460
035 _a991014204039705066
035 _a(PL-WaBN)b13816330-48omnis_nlop
035 _ab13816330
035 _a(OCoLC)749264560
035 _a(PL)b0000001381633
035 _a(EXLNZ-48OMNIS_NETWORK)9910429859605606
040 _aWA N
_cWA N
_dKOSZ 005/HR
041 0 _apol
080 _a94(4)"19"
080 _a323"19"
080 _a327"19"
100 1 _aCzubiński, Antoni
_d(1928-2003)
_eAutor
245 1 0 _aEuropa XX wieku :
_bzarys historii politycznej /
_cAntoni Czubiński.
250 _aWyd. 3 popr. i uzup.
260 _aPoznań :
_bWydaw. Poznańskie,
_c2000.
300 _a473, [1] s. :
_bmapy ;
_c21 cm.
336 _aTekst
_btxt
_2rdacontent
337 _aBez urządzenia pośredniczącego
_bn
_2rdamedia
338 _aWolumin
_bnc
_2rdacarrier
380 _aKsiążki
388 _a1901-2000
388 _a1989-2000
504 _aBibliogr. - Indeks.
648 7 _a1901-2000
_2DBN
650 7 _aPolityka
650 7 _aHistoria
651 7 _aEuropa
_2DBN
658 _aPolityka, politologia, administracja publiczna
658 _aHistoria
710 2 _aWydawnictwo Poznańskie
_4pbl
856 _uhttp://koha.tu.koszalin.pl/cgi-bin/koha/opac-detail.pl?biblionumber=37074
_yKatalog online BPK
942 _2UKD
_cKS
999 _c37074
_d37074